Catholic University of Zimbabwe Library
Online Public Access Catalogue
(OPAC)

Regesten Kaiser Friedrichs III (1480-1482) (Record no. 33035)

MARC details
000 -LEADER
fixed length control field 02478nam a22003737a 4500
001 - CONTROL NUMBER
control field 105968
003 - CONTROL NUMBER IDENTIFIER
control field KnowledgeUnlatched
005 - DATE AND TIME OF LATEST TRANSACTION
control field 20210303104935.0
006 - FIXED-LENGTH DATA ELEMENTS--ADDITIONAL MATERIAL CHARACTERISTICS
fixed length control field m o d
007 - PHYSICAL DESCRIPTION FIXED FIELD--GENERAL INFORMATION
fixed length control field cr u||||||||||
008 - FIXED-LENGTH DATA ELEMENTS--GENERAL INFORMATION
fixed length control field 210129p20202020xx o u00| u ger d
037 ## - SOURCE OF ACQUISITION
Institution to which field applies BiblioBoard
020 ## - INTERNATIONAL STANDARD BOOK NUMBER
International Standard Book Number 9783205232155
024 8# - OTHER STANDARD IDENTIFIER
Standard number or code https://doi.org/10.7767/9783205232155
029 1# - OTHER SYSTEM CONTROL NUMBER (OCLC)
OCLC library identifier https://library.biblioboard.com/ext/api/media/13c94a6e-958f-4f8a-9c8a-5d00a385d0d7/assets/thumbnail.jpg
040 ## - CATALOGING SOURCE
Original cataloging agency ScCtBLL
Transcribing agency ScCtBLL
245 00 - TITLE STATEMENT
Title Regesten Kaiser Friedrichs III (1480-1482)
Remainder of title Die Urkunden und Briefe des Ă–sterreichischen Staatsarchivs in Wien, Abt. Haus-, Hof- und Staatsarchiv: Allgemeine Urkundenreihe, Familienurkunden und Abschriftensammlungen (1480-1482). Bearbeitet von Petra Heinicker und Anne-Katrin Kunde /
Statement of responsibility, etc. Anne-Katrin Kunde, Petra Heinicker.
264 #1 - PRODUCTION, PUBLICATION, DISTRIBUTION, MANUFACTURE, AND COPYRIGHT NOTICE
Name of producer, publisher, distributor, manufacturer Böhlau,
300 ## - PHYSICAL DESCRIPTION
Extent 1 online resource (1 p.)
506 0# - RESTRICTIONS ON ACCESS NOTE
Terms governing access Access copy available to the general public.
Standardized terminology for access restriction Unrestricted
Source of term star
520 ## - SUMMARY, ETC.
Summary, etc. This volume lists 222 documents and letters from Emperor Friedrich III. from the Vienna State Archives, which were issued in the years of government 1480-1482 and were aimed at a large number of addressees in the Empire and in the Habsburg lands. They relate to political conflicts, such as the dispute over the new occupation of the Salzburg Erzstuhl, the emperor's disputes with the Hungarian king Matthias Corvinus and the planned appointment of those from Groningen to Reichspotestaten from Friesland, but above all depict the activities and official acts of the Habsburg in his inheritance . The latter shed light on local ownership structures and interdependencies between Frederick III's financial needs. and the chances of social and political integration of its donors.
588 0# - SOURCE OF DESCRIPTION NOTE
Source of description note Description based on print version record.
590 ## - LOCAL NOTE (RLIN)
Local note KU Open Services
650 #7 - SUBJECT ADDED ENTRY--TOPICAL TERM
Topical term or geographic name entry element History / Europe
Source of heading or term bisacsh
650 #0 - SUBJECT ADDED ENTRY--TOPICAL TERM
Topical term or geographic name entry element History
655 #0 - INDEX TERM--GENRE/FORM
Genre/form data or focus term Electronic books.
700 1# - ADDED ENTRY--PERSONAL NAME
Personal name Kunde, Anne-Katrin
Relator term editor.
700 1# - ADDED ENTRY--PERSONAL NAME
Personal name Heinicker, Petra
Relator term editor.
758 ## -
-- Is found in:
-- Knowledge Unlatched
-- https://openresearchlibrary.org/module/2774bc74-146a-484f-a7ba-ab1d6a09bbfb
856 40 - ELECTRONIC LOCATION AND ACCESS
Uniform Resource Identifier <a href="https://openresearchlibrary.org/content/13c94a6e-958f-4f8a-9c8a-5d00a385d0d7">https://openresearchlibrary.org/content/13c94a6e-958f-4f8a-9c8a-5d00a385d0d7</a>
Public note View this content on Open Research Library.
-- 0
Holdings
Withdrawn status Lost status Source of classification or shelving scheme Damaged status Not for loan Home library Current library Shelving location Date acquired Total Checkouts Date last seen Uniform Resource Identifier Price effective from Koha item type
          Digital Library Digital Library Online Access 03.03.2021   03.03.2021 https://openresearchlibrary.org/content/13c94a6e-958f-4f8a-9c8a-5d00a385d0d7 03.03.2021 eBook

OPENING HOURS

Weekdays: 0815hrs - 1800hrs
Weekends:0900hrs - 1200hrs

Closed for Mass:

Mon, Thur: 1200hrs - 1300hrs
Sunday & Public Holiday’s

CALL SUPPORT

0242-570570, 0242-570169
09200664, +263 8644140602

LOCATION

18443, Cranborne Avenue, Hatfield, Harare

Other Links


©2021 | CUZ Library